| 000 | 00535nam a2200145Ia 4500 | ||
|---|---|---|---|
| 008 | 140724s9999 xx 000 0 und d | ||
| 050 |
_aRT 50.5 _b.Ag283 2012 |
||
| 100 | _aAguila, Theresa Tracy. | ||
| 245 | 4 |
_aThe health care workers knowledge on the use of personal protective equipment in the emergency department / _cTheresa Tracy Aguila. |
|
| 260 |
_aLas PiƱas, Philippines : _bSouthville International School and Colleges, _cc2012. |
||
| 300 |
_a61 p. : _bill. ; _c28 cm. |
||
| 521 | _aNursing | ||
| 942 | _cTH | ||
| 999 |
_c229148 _d229148 |
||